Culture Générale - Série 1875 - Statistiques

Statistiques générales
  • Ce quiz a été pris 85 fois
  • Le résultat moyen est 3 sur 10
Statistiques - réponses
Question Réponse % Correct
Dans quel sport hivernal parle-t-on de position dite de l'oeuf ? ski
66%
De quel pays européen le "lek" est-il l'unité monétaire ? - voir photo Albanie
56%
Le premier des six opéra-ballets de Jean-Philippe Rameau s'appelle : "Les indes .... galantes
45%
Dans quel département français se trouvent les îles de Lérins ? Alpes-Maritimes
39%
Quelle partie de l'animal consomme-t-on sous l'appellation "ris de veau" ? thymus
33%
L'Irlande est appelée "la verte .... érin
21%
Comment appelle-t-on, au Maroc, la forme d'architecture vernaculaire traditionnelle (maison, hôtel, restaurant, palais, etc.) ? riad
17%
Dans le midi, comment appelle-t-on un estuaire, un chenal ? grau
5%
Quel nom donne-t-on à l'amas de sable et de gravier qui se trouve au fond d'une rivière ? jar
1%
Comment appelle-t-on la partie périphérique de la plupart des assiettes traditionnelles ? marli
1%
Aucun quiz correspondant
Distribution des résultats
% des personnes avec chaque résultat
Percentile par nombre de réponses
Votre historique - résultats
Vous n’avez pas pris ce quiz